000 00707cam a2200241 4500
001 sa 68012015
003 DLC
005 20260227112606.0
008 691107s1968 ii b 00110 eng
010 _asa 68012015
025 _aPL480:I-E-11039
050 0 _aHD6971
_b.D45 1968
082 _a301.5/5
100 2 0 _aDevadas Pillai, S.,
_d1935-
245 1 0 _aMen and machines
_c[by] S. Devadas Pillai.
260 0 _aBombay,
_bPopular Prakashan
_c[1968]
300 _axii, 176 p.
_c23 cm.
350 _a28.00
500 _aA revision of the author's thesis, University of Bombay, 1964.
504 _aBibliographical footnotes.
650 0 _aIndustrial sociology.
650 0 _aPsychology, Industrial.
999 _c84246
_d84246